000
00315nam a22001457a 4500
020
_a
978-81-264-3179-9
082
_a
894.812.3
_b
POY/S
100
_a
POYTHUMKADAVU, SHIHABUDHEEN
245
_a
NOVELLAKAL
260
_a
KOTTAYAM
_b
DC BOOKS
_c
2011
300
_a
128
520
_a
NOVEL
650
_a
NOVEL
942
_c
BK
999
_c
5058
_d
5058